000 002920000a22001090004500
090 _aAS
_bSeriadas
245 1 0 _aRaices internas de Navia y Vellozia
041 0 _aEspañol
100 1 _aWeber, Hans
_999568
942 _cARTICULO
773 1 _tMutisia: Acta Botánica Colombiana
_3893
_h13
_q1-7
_d1953
999 _c15322
_d15322